REVIEW OF FORENSIC MEDICINE AND TOXICOLOGY (Record no. 11642)

MARC details
000 -LEADER
fixed length control field 00359nam a22001577a 4500
003 - CONTROL NUMBER IDENTIFIER
control field SGT
020 ## - INTERNATIONAL STANDARD BOOK NUMBER
International Standard Book Number 978-93-5152-864-7
082 ## - DEWEY DECIMAL CLASSIFICATION NUMBER
Classification number 614.1
Item number R15B
100 ## - MAIN ENTRY--PERSONAL NAME
Personal name BISWAS,GAUTAM
245 ## - TITLE STATEMENT
Title REVIEW OF FORENSIC MEDICINE AND TOXICOLOGY
250 ## - EDITION STATEMENT
Edition statement 3RD
260 ## - PUBLICATION, DISTRIBUTION, ETC. (IMPRINT)
Place of publication, distribution, etc NEW DELHI
Name of publisher, distributor, etc JAYPEE PUB
Year of Publication 2015
300 ## - PAGE DESCRIPTION
No. of Pages 657
650 ## - SUBJECT ADDED ENTRY--TOPICAL TERM
Topical term or geographic name as entry element AYURVEDA
942 ## - ADDED ENTRY ELEMENTS (KOHA)
Source of classification or shelving scheme Dewey Decimal Classification
Koha item type Books
942 ## - ADDED ENTRY ELEMENTS (KOHA)
-- 76
Holdings
Withdrawn status Lost status Source of classification or shelving scheme Damaged status Not for loan Collection code Home library Current library Shelving location Date acquired Vendor Name Cost, normal purchase price SGTU Bill Number Total Checkouts Full call number Accession No. (Barcode) Date last seen Date last borrowed Bill Date Koha item type Total Renewals Use restrictions
    Dewey Decimal Classification     AYURVEDA SGT FA-FP Library SGT FA-FP Library Text Book 31/05/2017 AHUJA PUB 625.00 SGTU 8044 34 614.1 R15B FA6636 03/03/2025 28/02/2025 11/04/2017 Books    
    Dewey Decimal Classification     AYURVEDA SGT FA-FP Library SGT FA-FP Library Text Book 31/05/2017 AHUJA PUB 625.00 SGTU 8044 16 614.1 R15B FA6637 08/05/2026 08/05/2026 11/04/2017 Books 1  
    Dewey Decimal Classification     AYURVEDA SGT FA-FP Library SGT FA-FP Library Text Book 31/05/2017 AHUJA PUB 625.00 SGTU 8044 37 614.1 R15B FA6638 11/12/2025 02/12/2025 11/04/2017 Books    
    Dewey Decimal Classification     AYURVEDA SGT FA-FP Library SGT FA-FP Library Reference Book 31/05/2017 AHUJA PUB 625.00 SGTU 8044 3 614.1 R15B FA6639 13/01/2021 11/01/2021 11/04/2017 Books   Restricted Access
    Dewey Decimal Classification     AYURVEDA SGT FA-FP Library SGT FA-FP Library Text Book 31/05/2017 AHUJA PUB 625.00 SGTU 8044 34 614.1 R15B FA6640 31/01/2025 29/01/2025 11/04/2017 Books